MARC

LEADER 00000nam0a2200000 4500
001 311950
005 20231102002433.0
035 |a (RuTPU)RU\TPU\book\337317 
090 |a 311950 
100 |a 20151215d1982 km y0rusy50 ca 
101 0 |a rus 
102 |a RU 
105 |a y z 000zy 
200 1 |a Природа - забота общая  |f О. С. Колбасов 
210 |a Москва  |c Московский рабочий  |d 1982 
215 |a 128 с. 
225 1 |a Библиотечка пропагандиста и политинформатора 
606 1 |a Природа в целом  |2 stltpush  |3 (RuTPU)RU\TPU\subj\65675  |9 82141 
610 1 |a экологическая политика 
610 1 |a экологическое законодательство 
610 1 |a биоресурсы 
610 1 |a охрана недр 
610 1 |a охраняемые природные территории 
675 |a 502  |v 4 
700 1 |a Колбасов  |b О. С.  |g Олег Степанович 
801 1 |a RU  |b 63413507  |c 20151215 
801 2 |a RU  |b 63413507  |c 20191004  |g RCR 
942 |c BK